| 000 | 00486nab a2200145Ia 4500 | ||
|---|---|---|---|
| 003 | ES-SlBCS | ||
| 005 | 20210601132854.0 | ||
| 008 | 140529s1966 xxu||||| |||| 00| 0 ita d | ||
| 041 | _aita | ||
| 100 | 1 |
_aBaioletti, Carlo _9199688 |
|
| 245 | 0 | 0 |
_aIl problema delle proposizioni di base in Carnap, Neurath, Ayer e Russel _c Carlo Baioletti |
| 600 | 1 | 4 |
_aCarnap, Rudolf _d, 1891-1970 _9156340 |
| 773 | 0 |
_tGiornali di Metafisica _gvol. 21, nº. 1, 1966, págs. 35-53 _w0017-0372 |
|
| 942 | _cAR | ||
| 999 |
_c586983 _d586983 |
||